000 01181nam a22003497a 4500
003 CHAP
005 20220817041231.0
008 971013s1975 r 00010 d
010 _a9276
011 _a10248
035 _a9485
040 _cCHAP
082 _a621.01
_bA2Y
100 0 0 _aAbbott, Michael M.
_9167
245 _aTeoría y problemas de termodinámica
260 _aMéxico, D.F. :
_bMcGraw-Hill,
_c1975
300 _a355 p.
_b; gráfs.
490 _aSerie de Compendios Schaum
590 _aBATCH-UPD
_b10
_c20130110
_lUCH01
_h0058
590 _aBATCH-UPD
_b10
_c20130110
_lUCH01
_h1757
590 _aBATCH-UPD
_b10
_c20130410
_lUCH01
_h1134
590 _aBATCH-UPD
_b10
_c20130914
_lUCH01
_h2020
590 _aCONVERSION
_b10
_c20130109
_lUCH01
_h1306
650 1 4 _aTermodinámica.
_9112366
700 0 _aVan Ness, Hendrick C.
_9117787
830 0 _aSerie de Compendios Schaum
901 _aBK
942 _cLIBRO
949 _a621.01 A2Y
_bBC
_cLIBRO
_d33724000049268
_eLIBRO
_fc.2
_h45167
_i9485
_si
_t129.00
949 _a621.01 A2Y
_bBC
_cLIBRO
_d33724000279691
_eLIBRO
_fc.3
_h45168
_i9485
_si
_t129.00
949 _a621.01 A2Y
_bBC
_cLIBRO
_d33724002060991
_eLIBRO
_h33666
_i9485
_si
999 _c9276
_d9276